Mladosť v okovách

Bibliographic Details
Main Author: Vilikovská, Božica, 1931-1985 (Author)
Format: Article
Language:Slovak

MARC

LEADER 00000nab a2200000uu 4500
001 vtls011505934
003 SK-MaSNL
005 20260304030230.0
008 250310|1965 xo |||||||||||||||||slo|
015 |a SNBRB 
035 |a (urnnbn)urn:nbn:sk:snk:ar-a0ap4i 
035 |a (uuid)b122dfe1-14b1-4412-bb36-61ce5c6a92ce 
035 |a urn:nbn:sk:snk-abdz8i 
040 |a SNKBUCL  |b slo  |c SNKBUCL  |e AACR2 
041 0 |a slo 
044 |a xo  |c SK 
100 1 |a Vilikovská, Božica,  |d 1931-1985  |4 aut  |9 48645 
245 1 0 |a Mladosť v okovách  |c B. Vilikovská 
773 0 |t Zlatý máj : kritická revue tvorby pro mládež  |g Roč. 9, č. 1 (1965), s. [33]-34 
958 |a OND 
958 |a article20 
999 |c 2632767  |d 2634697